000
00322nam a22001457a 4500
003
SGT
020
_a
9780706986822
082
_a
320,VER
100
_a
VARMA, S.P.
245
_a
MODERN POLITICAL THEORY
260
_a
NEW DELHI
_b
VIKASH PUBLISHING
_c
2015
300
_a
464
650
_a
POLITICAL THEORY
942
_2
ddc
_c
BK
999
_c
10258
_d
10258